000 00433cam a2200193ua 4500
001 9273
005 20260515114440.0
008 150225n ii |||gr||||Z||||||eng
020 _a1859260039
040 _cMAIN
041 _aeng
082 _a821
245 1 _aShakespeare
_bVol 2
250 _a1st /
_bHistories and poems.
260 _aNew Delhi:
_bAurora,
_c1976.
300 _a340p.
653 _aEnglish poetry
942 _cBK
999 _c8333
_d8333